| 000 | 01261cam a2200313 a 4500 | ||
|---|---|---|---|
| 001 | 000013908 | ||
| 005 | 20200929163408.0 | ||
| 008 | 890717s1988 ck 000 0dspa d | ||
| 020 | _z9586430006 | ||
| 035 | _a(DLC) 89163071 | ||
| 040 |
_aDO-SdBNP _bspa _cBNPHU _dDLC |
||
| 082 |
_a327.09 _bS232s |
||
| 100 | 1 |
_aSantander, Francisco de Paula, _d1792-1840 _918039 |
|
| 245 | 1 | 0 |
_aSantander y los sucesos políticos de Venezuela, 1826 / _cpresentación y prólogo de Javier Ocampo López. |
| 260 |
_aBogotá, Colombia : _bFundación Francisco de Paula Santander, _c1988. |
||
| 300 |
_a2 v. : _bil. ; _c25 cm. |
||
| 490 | 1 |
_aDocumentos _v12 |
|
| 490 | 1 | _aBiblioteca de la Presidencia de la República. Administración Virgilio Barco | |
| 600 | 1 | 0 |
_aSANTANDER, FRANCISCO DE PAULA, _d1792-1840. _918039 |
| 651 | 4 |
_aVenezuela _xRelaciones Exteriores Con Colombia _931515 |
|
| 651 | 4 |
_aColombia _xRelaciones Exteriores Con Venezuela _931516 |
|
| 651 | 4 |
_aColombia _xHistoria _y1821-1830 _931517 |
|
| 700 | 1 |
_aOcampo López, Javier, _epról. _918408 |
|
| 830 | 0 |
_aDocumentos ; _v12 _91047 |
|
| 830 | 0 |
_aBiblioteca de la Presidencia de la República. Administración Virgilio Barco _931518 |
|
| 910 | _aCatalogación por copia / LC | ||
| 910 | _aWM | ||
| 049 | _aBNGR | ||
| 999 |
_c13513 _d13513 |
||